000 00287nam a2200109Ia 4500
008 200302s9999 xx 000 0 und d
100 _aIan Richards
245 _aGreat Buildings of the World Abbeys of Europe
260 _bHamlyn Publishing Group Ltd.
260 _c1968
300 _a189 P.,
999 _c2269
_d2269